| 000 | 00735nam a22002657a 4500 | ||
|---|---|---|---|
| 003 | 0 | ||
| 005 | 20180722161242.0 | ||
| 008 | 0 | ||
| 010 | _aA-409991 | ||
| 020 | _c00.00 | ||
| 035 | _aA-409991, A-409995 | ||
| 037 | _bCen Lib/Ret | ||
| 040 |
_aDPL _bEN _c0 |
||
| 082 |
_a332.401 _bSIN |
||
| 100 |
_aSingh,Preeti _914234 |
||
| 245 |
_aMonetary theory / _cby Preeti Singh [and] Reena Marwah |
||
| 260 |
_aNew Delhi _bTata McGraw-Hill publishing _c1992 |
||
| 270 |
_a4/12,Asaf Ali road _bNew Delhi _e110002 |
||
| 300 |
_axii,346p. _c23cm(Hb) |
||
| 500 | _aIncludes index | ||
| 650 |
_aEconomics _915009 |
||
| 650 |
_aMonetary policy _912455 |
||
| 700 |
_914831 _aMarwah,Reena |
||
| 942 |
_2ddc _cEN _h332.401 _mSIN |
||
| 999 |
_c125635 _d125635 |
||